00340 2200145 4500245005100000250001100051100002500062650001600087650001700103005001900120260001800139041001400157084001400171336000900185 aPerjalanan HidupkucMumtazah Nur MaulidahText aCet. 1 aMumtazah Nur Maulida aKarya Siswa aAutobiografi a20250520104544 aJakartac2025 aIndonesia a081 MUM p atext